| 000 | 00397nam a2200145Ia 4500 | ||
|---|---|---|---|
| 008 | 230917s9999||||xx |||||||||||||| ||und|| | ||
| 040 |
_e106030 _aMAIN |
||
| 041 | _aEnglish | ||
| 082 | _a005.1 G978S | ||
| 100 | _aGustafson, David | ||
| 245 | 0 | _aSchaum's outlines of theory and problems of software engineering | |
| 260 |
_aNew Delhi _bTata McGraw-Hill _c2004 |
||
| 300 | _a223 p. | ||
| 942 | _cBK | ||
| 999 |
_c121488 _d121488 |
||